• 首页
  • 本馆介绍
  • 公告通知
  • 最新文献
  • 馆藏检索
  • 电子资源
  • 读者导购
  • 参考咨询
  • 我的图书馆
  • 登录
  • 详细信息显示
  • 放入我的书架
  • 预约/预借图书
  • 作者相关作品
  • 分类相关作品
  • 丛书相关作品
  • 出版社相关作品

书目信息

  • 表格格式
  • 工作单格式
  • 卡片格式
题名:
硫酸法钛白粉实用生产问答
    
 
作者: 陈德彬 编著
分册:  
出版信息: 北京   化学工业出版社  2009
页数: 284页
开本: 21cm
丛书名:
单 册:
中图分类: TQ621.1
科图分类:
主题词: 钛白--生产工艺--基本知识 , 钛白
电子资源:
ISBN: 978-7-122-03481-6
000 00873nam0 2200229 45
005 20100303144921.25
010    @a978-7-122-03481-6@dCNY29.00
100    @a20100121d2009 em y0chiy50 ea
101 0  @achi
102    @aCN@b110000
105    @ay z 000yy
106    @ar
200 1  @a硫酸法钛白粉实用生产问答@ALiu Suan Fa Tai Bai Fen Shi Yong Sheng Chan Wen Da@f陈德彬编著@FChen De Bin Bian Zhu
210    @a北京@c化学工业出版社@d2009
215    @a284页@d21cm
330    @a本书针对硫酸法钛白粉生产原理、操作步骤及要求、三废治理方法、安全生产技术、质量管理及控制作了较为详尽的阐述,对钛白粉的基本性质、用途、生产使用的原辅材料要求、钛白生产采用的防腐蚀措施等同时作了叙述。
606 0  @a钛白@x生产工艺@x基本知识
606 0  @a钛白
690    @aTQ621.1@v4
701  0 @a陈德彬@AChen De Bin@4编著
801  0 @aCN@bTANGWEI@c20100303
905    @b0585134-38@dTQ621.1@e31@f5
    
    硫酸法钛白粉实用生产问答/陈德彬编著.-北京:化学工业出版社,2009
    284页;21cm
    
    
    ISBN 978-7-122-03481-6:CNY29.00
    本书针对硫酸法钛白粉生产原理、操作步骤及要求、三废治理方法、安全生产技术、质量管理及控制作了较为详尽的阐述,对钛白粉的基本性质、用途、生产使用的原辅材料要求、钛白生产采用的防腐蚀措施等同时作了叙述。
●
相关链接 在E读中查询图书 在五车中查询图书 在当当中查询图书 在豆瓣中查询图书


正题名:硫酸法钛白粉实用生产问答     索取号:TQ621.1/31         预约/预借

序号 登录号 条形码 馆藏地/架位号 状态 备注
1 0585134   205851345   第二样本阅览室/ [索取号:TQ621.1/31] 在馆    
2 0585135   205851354   第三借阅区/ [索取号:TQ621.1/31] 在馆    
3 0585136   205851363   第三借阅区/ [索取号:TQ621.1/31] 在馆    
4 0585137   205851372   密集书库-化学系/ [索取号:TQ621.1/31] 在馆    
5 0585138   205851381   第三借阅区/ [索取号:TQ621.1/31] 在馆    
唐山师范学院图书馆 欢迎您!
大连网信软件有限公司© 版权所有